Citrawarna Malaysia =
| Format: | Book |
|---|---|
| Published: |
Kuala Lumpur:
Tourism Malaysia,
[200-].
|
| Subjects: |
| LEADER | 00445cam a2200145 7i4500 | ||
|---|---|---|---|
| 001 | 0000015126 | ||
| 005 | 20050314090000.0 | ||
| 090 | 0 | 0 | |a M 394.269 |b CIT |
| 245 | 0 | 0 | |a Citrawarna Malaysia = |l colours of Malaysia. |
| 260 | 0 | 0 | |a Kuala Lumpur: |b Tourism Malaysia, |c [200-]. |
| 300 | # | # | |a 68 p. |
| 650 | 0 | 0 | |a Malaysia -- |x Social life and customs |
| 650 | 0 | 0 | |a Malaysia -- |x Tourism |
| 651 | 0 | 0 | |a Malaysia |
| 999 | |a 0000016073 |b Book |c Malaysia |e Business Information Centre | ||